000 01155cam a2200313Ia 4500
001 sjds46638914
003 sjds
005 20221222110748.0
008 010330s1998 sp a j 000 0 spa d
020 _a8434846551
020 _a9788434846555
040 _aLPU
_cLPU
_dOCL
_dTXA
_dCSP
041 1 _aspa
_hfre
100 1 _aPerols, Sylvaine.
245 1 0 _aAtlas de las plantas /
_cilustrado por Sylvaine Perols ; realizado por Gallimard Jeunesse, Claude Delafosse y Sylvaine Perols ; traduccion, Paz Barroso.
260 _aMadrid :
_bEdiciones SM,
_c1998.
300 _a1 v. (unpaged) :
_bcol. ill. ;
_c19 cm.
490 1 _aMundo maravilloso ;
_v36.
500 _aTranslation of: Atlas des plantes.
520 _aLaminated pages with transparent overlays introduce over fifty different plants from around the world and give details about their growth, life cycles, and value to animals and humans.
650 1 _aPlants.
650 1 _aBotany.
650 0 _aToy and movable books.
700 1 _aDelafosse, Claude.
700 1 _aBarroso, Paz
710 2 _aGallimard Jeunesse (Publisher)
830 0 _aMundo maravilloso ;
_v36.
942 _cBK
999 _c27569
_d27569